000 00447nam a22001817a 4500
003 OSt
008 230131b ||||| |||| 00| 0 eng d
020 _a9789353286231
082 _a658.3 RES
100 _aREES,Gary Ed
245 _aStrategic Human Resource Management
250 _aEd
260 _aNew Delhi
_bSage
_c2019
300 _a466+13
650 _aStrategic Human Resource Management
700 _aSMITH,Paul E
942 _2ddc
_cREF
999 _c11823
_d11823